Some problems of the constitution / (Record no. 46060)
[ view plain ]
| 000 -LEADER | |
|---|---|
| fixed length control field | 00929nam a2200277 a 4500 |
| 001 - CONTROL NUMBER | |
| control field | 46060 |
| 003 - CONTROL NUMBER IDENTIFIER | |
| rucl marc code | BD-RjUL |
| 005 - DATE AND TIME OF LATEST TRANSACTION | |
| control field | 20211209054113.0 |
| 008 - FIXED-LENGTH DATA ELEMENTS--GENERAL INFORMATION | |
| fixed length control field | 500101s19681967enk 001 0 eng d |
| 035 ## - SYSTEM CONTROL NUMBER | |
| System control number | (BD-RjUL) 46178 |
| 040 ## - CATALOGING SOURCE | |
| Original cataloging agency | BD-RjUL |
| Language of cataloging | eng |
| Transcribing agency | BD-RjUL |
| Modifying agency | BD-RjUL |
| 041 ## - LANGUAGE CODE | |
| Language code of text/sound track or separate title | eng |
| 082 ## - DEWEY DECIMAL CLASSIFICATION NUMBER | |
| Classification number | 342.4102 |
| Edition number | 23 |
| Author mark and year | MAS 1968 |
| 100 1# - MAIN ENTRY--PERSONAL NAME | |
| Personal name | Marshall, Geoffrey. |
| 9 (RLIN) | 140795 |
| 245 10 - TITLE STATEMENT | |
| Title | Some problems of the constitution / |
| Statement of responsibility, etc. | Geoffrey Marshall & Graeme C. Moodie |
| 250 ## - EDITION STATEMENT | |
| Edition statement | 4th rev. ed |
| 260 ## - PUBLICATION, DISTRIBUTION, ETC. (IMPRINT) | |
| Place of publication, distribution, etc. | London : |
| Name of publisher, distributor, etc. | Hutchinson, |
| Date of publication, distribution, etc. | 1967 [Reprinted 1968] |
| 300 ## - PHYSICAL DESCRIPTION | |
| Pagination | 172 p. ; |
| Size | 22 cm. |
| 490 1# - SERIES STATEMENT | |
| Series statement | Hutchinson university library. Politics |
| 500 ## - GENERAL NOTE | |
| General note | Previous ed.1964, 2nd ed.(B61-7105) 1961 |
| 650 #0 - SUBJECT ADDED ENTRY--TOPICAL TERM | |
| Topical term or geographic name as entry element | Ministerial responsibility |
| Geographic subdivision | Great Britain |
| 9 (RLIN) | 140796 |
| Topical term or geographic name as entry element | Constitutional law |
| Geographic subdivision | Great Britain |
| 9 (RLIN) | 140797 |
| 700 1# - ADDED ENTRY--PERSONAL NAME | |
| Personal name | Moodie, Graeme C. |
| 830 #0 - SERIES ADDED ENTRY--UNIFORM TITLE | |
| Uniform title | Hutchinson university library. |
| 942 ## - ADDED ENTRY ELEMENTS (KOHA) | |
| Source of classification or shelving scheme | Dewey Decimal Classification |
| Koha item type | Books |
| Lost status | Source of classification or shelving scheme | Damaged status | Not for loan | Collection code | Permanent Location | Current Location | Shelving location | Date acquired | Source of acquisition | Cost, normal purchase price | Total Checkouts | Full call number | Date last seen | Copy number | Koha item type |
|---|---|---|---|---|---|---|---|---|---|---|---|---|---|---|---|
| Dewey Decimal Classification | Non-fiction | Central Library, University of Rajshahi | Central Library, University of Rajshahi | Electronic Books | 10/07/1970 | Sweets & Zuitlinger | 12.00 | 342.4102 MAS 1968 | 30/07/2016 | C-2 | Books |